LIBRARY & INFORMATION CENTRE, KCAET, TAVANUR

ONLINE PUBLIC ACCESS CATALOGUE (OPAC)

Normal view MARC view
  • Vasu, KS; Varier, BS ; Sreenivas, TR; Mohandas, KP and Damodaran, VK

Entry Personal Name

Number of records used in: 1

001 - CONTROL NUMBER

  • control field: 5552

003 - CONTROL NUMBER IDENTIFIER

  • control field: OSt

005 - DATE AND TIME OF LATEST TRANSACTION

  • control field: 20231027121856.0

008 - FIXED-LENGTH DATA ELEMENTS

  • fixed length control field: 231027|| aca||aabn | a|a d

040 ## - CATALOGING SOURCE

  • Original cataloging agency: OSt
  • Transcribing agency: OSt

100 ## - HEADING--PERSONAL NAME

  • Personal name: Vasu, KS; Varier, BS ; Sreenivas, TR; Mohandas, KP and Damodaran, VK

670 ## - SOURCE DATA FOUND

  • Source citation: Work cat.: (OSt)17764: Hemachandran, VV 5550, Vaidyutha Technology (Electrical Technology), 1972.
free website counter